Sociology: Boston: McGraw-Hill Companies, Inc., c2002. (Record no. 7247)
[ view plain ]
| 000 -LEADER | |
|---|---|
| fixed length control field | 00659nam a22002057a 4500 |
| 003 - CONTROL NUMBER IDENTIFIER | |
| control field | OSt |
| 005 - DATE AND TIME OF LATEST TRANSACTION | |
| control field | 20260126044537.0 |
| 008 - FIXED-LENGTH DATA ELEMENTS--GENERAL INFORMATION | |
| fixed length control field | 260110b |||||||| |||| 00| 0 eng d |
| 020 ## - INTERNATIONAL STANDARD BOOK NUMBER | |
| International Standard Book Number | 0-07-112080.7 |
| 040 ## - CATALOGING SOURCE | |
| Original cataloging agency | DWC-Main Lib. |
| Transcribing agency | OC |
| 082 ## - DEWEY DECIMAL CLASSIFICATION NUMBER | |
| Edition number | 4th ed. |
| Classification number | Circ. 301 Sc13s 2002 |
| 100 ## - MAIN ENTRY--PERSONAL NAME | |
| Personal name | Schaefer, Richard T. |
| 245 ## - TITLE STATEMENT | |
| Title | Sociology: Boston: McGraw-Hill Companies, Inc., c2002. |
| Remainder of title | a brief introduction/ |
| Statement of responsibility, etc. | Richard T. Schaefer |
| 250 ## - EDITION STATEMENT | |
| Edition statement | 4th ed. |
| 260 ## - PUBLICATION, DISTRIBUTION, ETC. | |
| Place of publication, distribution, etc. | Boston: |
| Name of publisher, distributor, etc. | McGraw-Hill Companies, Inc., |
| Date of publication, distribution, etc. | c2002. |
| 300 ## - PHYSICAL DESCRIPTION | |
| Extent | xxxv, 539 p. ; |
| Dimensions | 27 cm. |
| 500 ## - GENERAL NOTE | |
| General note | Includes indexes. |
| 650 ## - SUBJECT ADDED ENTRY--TOPICAL TERM | |
| Topical term or geographic name entry element | 1. Sociology. |
| 942 ## - ADDED ENTRY ELEMENTS (KOHA) | |
| Source of classification or shelving scheme | Dewey Decimal Classification |
| Koha item type | Book Circulation |
| Edition | 4th ed. |
| Classification part | Circ. |
| Suppress in OPAC | No |
| 952 ## - LOCATION AND ITEM INFORMATION (KOHA) | |
| -- | |
| Withdrawn status | Lost status | Source of classification or shelving scheme | Damaged status | Not for loan | Home library | Current library | Date acquired | Source of acquisition | Total Checkouts | Full call number | Barcode | Date last seen | Copy number | Price effective from | Koha item type | Uniform Resource Identifier |
|---|---|---|---|---|---|---|---|---|---|---|---|---|---|---|---|---|
| Dewey Decimal Classification | College Library | College Library | 02/04/2003 | School Fund | Circ. 301 Sc13s 2002 | CL37096 | 01/10/2026 | c1 | 01/10/2026 | BK-CIRC |